Sobre política y lingüística /

Noam Chomsky ha sido reconocido mundialmente por su carácter de fundador y máximo representante de la lingüística generativa y transformativa y por su condición como uno de los intelectuales norteamericanos del siglo XX que con mayor agudeza han criticado a la clase gobernante de su país. Varios han...

Celý popis

Uloženo v:
Podrobná bibliografie
Hlavní autor: Chomsky, Noam (autor)
Korporativní autor: Resist. Comité de Dirección
Další autoři: Blackburn, Robin (entrevista) (entrevista), Jones, Gareth Stedman (entrevista) (entrevista), Rey, Lucien (entrevista) (entrevista)
Médium: Kniha
Jazyk:španělština
Vydáno: Barcelona, España : Anagrama, 1970, c1970
Edice:(Cuadernos Anagrama ; Documentos) 3.
Témata:
Tagy: Přidat tag
Žádné tagy, Buďte první, kdo vytvoří štítek k tomuto záznamu!

MARC

LEADER 00000nam^a2200000^a^4500
001 000166168
005 20250521000000.0
009 20260310101042.632
037 |a Acervo ITESO - Biblioteca 
041 |a ESP 
082 |a 320. 9730923  |b CHO 
100 |a Chomsky, Noam  |e (autor) 
245 1 0 |a Sobre política y lingüística /  |c N. Chomsky ; entrevistado por R. Blackburn, G.S. Jones, L. Rey ; tr. por José Cano Tembleque. 
264 4 |a Barcelona, España :  |b Anagrama,  |c 1970, c1970 
300 |a 56 p. 
336 |a texto  |b txt  |2 rdacontenido 
337 |a sin mediación  |b n  |2 rdamedio 
338 |a volumen  |b nc  |2 rdasoporte 
440 1 |a (Cuadernos Anagrama ;  |v 3.  |p Documentos) 
500 |a Traducción de: Linguistics and Politics 
520 |a Noam Chomsky ha sido reconocido mundialmente por su carácter de fundador y máximo representante de la lingüística generativa y transformativa y por su condición como uno de los intelectuales norteamericanos del siglo XX que con mayor agudeza han criticado a la clase gobernante de su país. Varios han sido los intentos y autores que han buscado clarificar los nexos entre ambas vertientes de la producción intelectual de Chomsky, como ocurre en la presente publicación, cuya versión original en inglés apareció en 1969. Primeramente es presentada una entrevista con Chomsky y a continuación un texto elaborado por el Comité de Dirección de Resist, grupo que contaba con el lingüista como uno de sus miembros más activos. Aunque sí contiene algunas referencias al trabajo lingüístico de Chomsky, los ejes temáticos de la conversación y del segundo escrito son la Guerra de Vietnam y diversas manifestaciones de rechazo al conflicto por parte de la población norteamericana. 
649 |a XX 
650 |a Lingüistas y Semiólogos Norteamericanos -  |x Entrevistas 
650 |a Intelectuales Norteamericanos -  |x Entrevistas 
650 |a Gramática Generativa y Transformativa 
650 |a Lingüística Generativa y Transformativa 
650 |a Movimientos Estudiantiles -  |z EUA -  |x Historia 
650 |a Movimientos Políticos -  |z EUA -  |x Historia 
650 |a Movimientos Sociales -  |z EUA -  |x Historia 
650 |a Objeción de Conciencia -  |z EUA -  |x Historia 
650 |a Resistencia Civil -  |z EUA -  |x Historia 
650 |a Educación y Política -  |z EUA -  |x Historia 
650 |a Guerra de Vietnam, 1961-1973 -  |x Historia -  |x Tema Principal 
650 |a Imperialismo -  |z EUA -  |x Historia 
650 |a EUA -  |x Condiciones Políticas 
650 |a Política Exterior -  |z EUA -  |x Historia -  |y 1963-1969 
650 |a Política Exterior -  |z EUA -  |x Historia -  |y Siglo XX 
650 |a Política -  |z EUA -  |x Historia -  |y 1963-1969 -  |x Tema Principal 
650 |a Política -  |z EUA -  |x Historia -  |y Siglo XX 
650 |a Vietnam -  |x Condiciones Políticas 
650 |a Política -  |z Vietnam -  |x Historia -  |y 1945-1975 -  |x Tema Principal 
650 |a Política -  |z Vietnam -  |x Historia -  |y Siglo XX 
650 |a Chomsky, Noam -  |x Tema Principal 
710 |a Resist.  |b Comité de Dirección 
740 3 |a Un nuevo llamamiento de resistencia contra la autoridad ilegítima /  |c Tr. por José Cano Tembleque. 
700 |a Blackburn, Robin  |e (entrevista) 
700 |a Jones, Gareth Stedman  |e (entrevista) 
700 |a Rey, Lucien  |e (entrevista) 
910 |a Fondo Armando Suárez Gómez 
920 |a Impresos - Libros 
930 |a Fondos Especiales 
905 |a 111 
901 |a 0700007169  |b IT2  |c ESP  |u 20250521 
902 |a https://opac.biblio.iteso.mx/vufind/Record/000166168